Mi amistad con Jescucristo / (Registro nro. 241829)

Detalles MARC
000 -LEADER
fixed length control field 01991nam a2200529 i 4500
001 - CONTROL NUMBER
control field DIGALBA0086
003 - CONTROL NUMBER IDENTIFIER
control field NyNyDIG
007 - PHYSICAL DESCRIPTION FIXED FIELD--GENERAL INFORMATION
fixed length control field cr |||||||||||
008 - FIXED-LENGTH DATA ELEMENTS--GENERAL INFORMATION
fixed length control field 220809t20122008sp o 000 f spa d
006 - FIXED-LENGTH DATA ELEMENTS--ADDITIONAL MATERIAL CHARACTERISTICS
fixed length control field m o d
035 ## - SYSTEM CONTROL NUMBER
System control number (OCoLC)1350506808
040 ## - CATALOGING SOURCE
Original cataloging agency DGITA
Language of cataloging eng
Description conventions rda
-- pn
Transcribing agency DGITA
020 ## - INTERNATIONAL STANDARD BOOK NUMBER
International Standard Book Number 9788484287391
Qualifying information eBook
020 ## - INTERNATIONAL STANDARD BOOK NUMBER
Canceled/invalid ISBN 9788484287254
041 1# - LANGUAGE CODE
Language code of text/sound track or separate title spa
Language code of original dan
050 14 - LIBRARY OF CONGRESS CALL NUMBER
Classification number PT8177.18.U88 ebook
082 14 - DEWEY DECIMAL CLASSIFICATION NUMBER
Classification number 839.8138
100 1# - MAIN ENTRY--PERSONAL NAME
Personal name Husum, Lars,
Dates associated with a name 1974-
Relator term author.
240 10 - UNIFORM TITLE
Uniform title Mit venskab med Jesus Kristus.
Language of a work Spanish
Version (Ortiz Ostalé)
245 10 - TITLE STATEMENT
Title Mi amistad con Jescucristo /
Statement of responsibility, etc. Lars Husum ; traducción, Blanca Ortiz Ostalé.
250 ## - EDITION STATEMENT
Edition statement Edición en formato digital.
264 #1 - PRODUCTION, PUBLICATION, DISTRIBUTION, MANUFACTURE, AND COPYRIGHT NOTICE
Place of production, publication, distribution, manufacture Barcelona :
Name of producer, publisher, distributor, manufacturer Alba,
Date of production, publication, distribution, manufacture, or copyright notice [2012]
264 #4 - PRODUCTION, PUBLICATION, DISTRIBUTION, MANUFACTURE, AND COPYRIGHT NOTICE
Date of production, publication, distribution, manufacture, or copyright notice ©2008
300 ## - PHYSICAL DESCRIPTION
Extent 1 online resource.
336 ## - CONTENT TYPE
Content type term text
Content type code txt
Source rdacontent
337 ## - MEDIA TYPE
Media type term computer
Media type code c
Source rdamedia
338 ## - CARRIER TYPE
Carrier type term online resource
Carrier type code cr
Source rdacarrier
347 ## - DIGITAL FILE CHARACTERISTICS
File type text file
Source rdaft
347 ## - DIGITAL FILE CHARACTERISTICS
Encoding format EPUB
490 1# - SERIES STATEMENT
Series statement Alba contemporánea
588 0# - SOURCE OF DESCRIPTION NOTE
Source of description note Online resource; title from ePub title page (Digitalia, viewed August 9, 2022)
600 00 - SUBJECT ADDED ENTRY--PERSONAL NAME
Personal name Jesus Christ
Form subdivision Fiction.
650 #0 - SUBJECT ADDED ENTRY--TOPICAL TERM
Topical term or geographic name entry element Brothers and sisters
Form subdivision Fiction.
650 #0 - SUBJECT ADDED ENTRY--TOPICAL TERM
Topical term or geographic name entry element Juvenile delinquents
Form subdivision Fiction.
650 #0 - SUBJECT ADDED ENTRY--TOPICAL TERM
Topical term or geographic name entry element Parents
General subdivision Death
-- Psychological aspects
Form subdivision Fiction.
655 #7 - INDEX TERM--GENRE/FORM
Genre/form data or focus term Fiction.
Source of term lcgft
655 #0 - INDEX TERM--GENRE/FORM
Genre/form data or focus term Electronic books.
700 1# - ADDED ENTRY--PERSONAL NAME
Personal name Ortiz Ostalé, Blanca,
Relator term translator.
700 1# - ADDED ENTRY--PERSONAL NAME
Relationship information Translation of:
Personal name Husum, Lars,
Dates associated with a name 1974-
Title of a work Mit venskab med Jesus Kristus.
791 2# -
-- Digitalia (Firm),
-- distributor.
793 0# -
-- Digitalia eBook Collection:
-- Alba Editorial
776 08 - ADDITIONAL PHYSICAL FORM ENTRY
Relationship information Print version:
Main entry heading Husum, Lars, 1974-
Uniform title Mit venskab med Jesus Kristus. Spanish (Ortiz Ostalé).
Title Mi amistad con Jescucristo.
Place, publisher, and date of publication Barcelona : Alba, 2012
International Standard Book Number 9788484287391
830 #0 - SERIES ADDED ENTRY--UNIFORM TITLE
Uniform title Contemporánea (Alba Editorial) ;
Volume/sequential designation 4.
856 40 - ELECTRONIC LOCATION AND ACCESS
Materials specified Digitalia Hispánica
Uniform Resource Identifier <a href="https://www.digitaliapublishing.com/a/33196/">https://www.digitaliapublishing.com/a/33196/</a>
910 ## - USER-OPTION DATA (OCLC)
User-option data Premium collection: 2022
942 ## - ADDED ENTRY ELEMENTS (KOHA)
Koha item type Recurso Electrónico
Existencias
Withdrawn status Lost status Damaged status Not for loan Collection Home library Current library Date acquired Total checkouts Date last seen Price effective from Koha item type
        Digitalia Ebooks Hispanica Biblioteca Digital UIN Biblioteca Digital UIN 04/25/2025   04/25/2025 04/25/2025 Recurso Electrónico

CONTACTO


NOSOTROS


SITIOS DE INTERES

coordinacion.biblioteca.biblioteca@unienlinea.mx Misión, Visión y Objetivos Bases de datos
Directorio Bibliotecas Digitales y Repositorios
Normatividad Revistas y artículos
Convenios interbibliotecarios
Boletines



Hecho en México. Universidad Insurgentes (UIN). Todos los derechos reservados 2024. Esta página y sus contenidos pueden ser reproducidos con fines no lucrativos, siempre y cuando no se mutile, se cite la fuente completa y su dirección electrónicas. De otra forma requiere permiso previo por escrito de la institución




2024 Copyright Universidad Insurgentes | www.bibliouin.com.mx